Prevenir, atender y tratar el bullying : (Record no. 193614)
[ view plain ]
| 000 -CABECERA | |
|---|---|
| campo de control de longitud fija | 00717nam a2200205 u 4500 |
| 005 - FECHA Y HORA DE LA ÚLTIMA TRANSACCIÓN | |
| campo de control | 20221112063552.0 |
| 008 - ELEMENTOS DE LONGITUD FIJA--INFORMACIÓN GENERAL | |
| campo de control de longitud fija | 171108s2014 mx r 000 0 spa d |
| 020 ## - NÚMERO INTERNACIONAL NORMALIZADO PARA LIBROS | |
| Número Internacional Estándar del Libro | 9786078345953 |
| 035 ## - NÚMERO DE CONTROL DEL SISTEMA | |
| Número de control de sistema | UPN01000221517 |
| 049 ## - COLECCIÓN | |
| Colección | CG |
| 050 #4 - SIGNATURA TOPOGRÁFICA DE LA BIBLIOTECA DEL CONGRESO | |
| Número de clasificación | LB3013.3 |
| Número de documento/Ítem | P7.4 |
| 245 00 - MENCIÓN DE TÍTULO | |
| Título | Prevenir, atender y tratar el bullying : |
| Resto del título | siete casos prácticos alrededor del mundo / |
| Mención de responsabilidad, etc. | Abraham Magendzo ... [et al.]. |
| 260 ## - PUBLICACIÓN, DISTRIBUCIÓN, ETC. | |
| Lugar de publicación, distribución, etc. | México : |
| Nombre del editor, distribuidor, etc. | Nueva Editorial Iztaccíhuatl : |
| -- | Cooperativa Editorial Magisterio, |
| Fecha de publicación, distribución, etc. | 2014. |
| 300 ## - DESCRIPCIÓN FÍSICA | |
| Extensión | 161 p. |
| 440 #0 - MENCIÓN DE SERIE/ASIENTO SECUNDARIO--TÍTULO | |
| Título | Transversales. |
| Nombre de parte o sección de la obra | Cultura democrática |
| 650 #7 - ASIENTO SECUNDARIO DE MATERIA - TERMINO TEMATICO | |
| Término de materia o nombre geográfico como elemento de entrada | Acoso en las escuelas |
| Subdivisión general | Prevención |
| Fuente del encabezamiento o término | |
| 9 (RLIN) | 22756 |
| 700 1# - ASIENTO SECUNDARIO--NOMBRE DE PERSONAL | |
| Nombre de persona | Magendzo, Abraham, |
| Término indicativo de función/relación | coaut. |
| 9 (RLIN) | 29097 |
| 905 ## - TIPO DE MATERIAL | |
| Tipo de material | Libro |
| Estado de retiro | Estado de pérdida | Fuente del sistema de clasificación o colocación | Estado dañado | No para préstamo | Código de colección | Localización permanente | Ubicación/localización actual | Ubicación en estantería | Fecha de adquisición | Total de préstamos | Clasificación | Código de barras | Fecha visto por última vez | Fecha del último préstamo | Número de copia | Tipo de ítem Koha | Renovaciones totales |
|---|---|---|---|---|---|---|---|---|---|---|---|---|---|---|---|---|---|
| Library of Congress Classification | Colección General | Bib. Gregorio Torres Quintero | Bib. Gregorio Torres Quintero | Planta baja | 26/10/2022 | 1 | LB3013.3 P7.4 | 320754 | 11/11/2022 | 26/10/2022 | 1 | Libro | |||||
| Library of Congress Classification | Colección General | Bib. Gregorio Torres Quintero | Bib. Gregorio Torres Quintero | Planta baja | 23/03/2022 | 2 | LB3013.3 P7.4 | 320755 | 22/03/2024 | 23/02/2024 | 1 | Libro | 1 | ||||
| Library of Congress Classification | Colección General | Bib. Gregorio Torres Quintero | Bib. Gregorio Torres Quintero | Planta baja | 15/11/2022 | 6 | LB3013.3 P7.4 | 320753 | 09/08/2024 | 04/07/2024 | 1 | Libro |
